Un modelo social exitoso en la encrucijada: límites del desencuentro entre régimen laboral y de bienestar en Costa Rica /
Se analiza la evolución del modelo social costarricense y el creciente desencuentro entre régimen de empleo y de bienestar social a lo largo de tres períodos: el modelo original surgido tras la guerra civil de 1948, los cambios graduales que se introducen tras la crisis económica de los 80 y la acum...
Guardat en:
| Autor principal: | |
|---|---|
| Altres autors: | |
| Format: | Text |
| Matèries: | |
| Etiquetes: |
Afegir etiqueta
Sense etiquetes, Sigues el primer a etiquetar aquest registre!
|
MARC
| LEADER | 00000 a a2200000 04500 | ||
|---|---|---|---|
| 001 | 42973 | ||
| 003 | |||
| 040 | |||
| 100 | |a Castro Méndez, Mauricio | ||
| 245 | |a Un modelo social exitoso en la encrucijada: |b límites del desencuentro entre régimen laboral y de bienestar en Costa Rica / |c Mauricio Castro Méndez ; Juliana Martínez Franzoni | ||
| 500 | |a martinezfranzoni@gmail.com | ||
| 520 | |a Se analiza la evolución del modelo social costarricense y el creciente desencuentro entre régimen de empleo y de bienestar social a lo largo de tres períodos: el modelo original surgido tras la guerra civil de 1948, los cambios graduales que se introducen tras la crisis económica de los 80 y la acumulación de tensiones a partir de 1998. | ||
| 590 | |a DISEMINAR032012/RRA/ABRIL2012 | ||
| 650 | |a 1.BIENESTAR SOCIAL | ||
| 650 | |a 2.INTERVENCION DEL ESTADO | ||
| 650 | |a 3.DESARROLLO ECONOMICO Y SOCIAL | ||
| 650 | |a 4.SEGURIDAD SOCIAL | ||
| 650 | |a 5.CAMBIO SOCIAL | ||
| 650 | |a 6.CAMBIO ECONOMICO | ||
| 650 | |a 7.COSTA RICA | ||
| 700 | |a Martínez Franzoni, Juliana | ||
| 773 | |g volumen7, número1 ( , 2010), páginas 79-122 : gráficos | ||
| 999 | |c 36798 |d 36798 | ||
